Characters Not in Harry Potter Quiz Stats

 Plays Quiz not verified by Sporcle

Also try: The Raven Rhymes
Challenge
Share
Tweet
Embed
Score 0/75 Timer 06:00
0 Plays Today
% Correct
Alanna of Trebond
83.7%
Inigo Montoya
83.4%
Raistlin Majere
83.4%
Boo Radley
83.4%
Hua Mulan
83%
Hans Castorp
82.8%
Jean Brodie
82.8%
Becky Sharp
82.6%
Grendel
82.6%
Sydney Carton
82.6%
Jane Marple
82.6%
Genly Ai
82.4%
Randall Flagg
82.4%
Maggie Tulliver
82.4%
Irene Adler
82.2%
Violet Beauregarde
82.2%
Tristram Shandy
82%
Hester Prynne
82%
Philip Pirrip
82%
Meriadoc Brandybuck
82%
Wang Lung
81.7%
Bertie Wooster
81.7%
Victoria Iphigenia Warshawski
81.7%
Janie Crawford
81.5%
Adam Bede
81.5%
Scout Finch
81.5%
Henry Huggins
81.5%
Molly Bloom
81.3%
Jill Pole
81.3%
Daniel Deronda
81.1%
Mary Lennox
80.9%
Philip Marlowe
80.9%
Joe Gargery
80.9%
Walter Younger
80.9%
Agnes Nutter
80.9%
Jesse Tuck
80.9%
Claudia Kishi
80.9%
Jellia Jamb
80.9%
% Correct
Flora Poste
80.7%
Kay Scarpetta
80.7%
Grace Poole
80.7%
Frederick Fairlie
80.7%
Helen Lawrence Huntingdon
80.7%
Tom Ripley
80.5%
Mary Katherine Blackwood
80.5%
Goldberry
80.3%
Anne Elliot
80.3%
Theodore Laurence
80.3%
Gemma Doyle
80%
Harriet Welsch
79.8%
Hugo Rune
79.8%
Hindley Earnshaw
79.8%
Mary Garth
79.6%
Holly Short
79.6%
Adam Dalgliesh
79.4%
Charles Bingley
79.4%
Eustacia Vye
79.4%
Nanny Ogg
79.2%
Elphaba
79%
Hazel Motes
78.3%
Reginald Wexford
78.3%
Tasslehoff Burrfoot
78.3%
Fred Vincy
78.1%
Sir Percy Blakeney
78.1%
Edward Driffield
77.9%
Rockingham Napier
77.7%
Bathsheba Everdene
77.7%
Oswald Bastable
76.2%
Ethel Hallow
76.2%
Mustapha Mond
75.8%
Stephen Dedalus
75.6%
Matilda Wormwood
75.4%
Sibyl Vane
75.2%
Emmanuel Goldstein
74.9%
Nigel Molesworth
74.7%

You're not logged in!

Compare scores with friends on all Sporcle quizzes.
Join for Free
OR
Log In

You Might Also Like...

Show Comments

Extras

Top Quizzes Today


Score Distribution

Your Account Isn't Verified!

In order to create a playlist on Sporcle, you need to verify the email address you used during registration. Go to your Sporcle Settings to finish the process.

Report this User

Report this user for behavior that violates our Community Guidelines.

Details: